01306nam a2200313 i 4500001001000000003000900010005001700019007000300036008004100039020001500080040003000095041000800125082003100133110004900164245016300213264008200376300005500458336002700513337003300540338002800573590002600601650004600627650004200673650005400715910003700769942001400806952015500820999001700975000030210DO-SdBNP20250912090709.0ta110504s2005 dr ac 000 0 spa d a9945851950 aDO-SdBNPbspacBNPHUerda aspa 4a306.097293bC397a 20042222 aCentro Cultural Eduardo Lón Jimenes95690910aAnuario 2004 :bidentidades y creación /cedición y corrección, Camilo Venegas ; redacción, Patricia Sánchez, María Elena Toledo y Mijail Peralta. 4aSantiago de los Caballeros, República Dominicana :bCentro León,c©2005. a205 páginas :bilustraciones, retratos ;c23 cm. atextobtxt2rdacontent asin mediaciónbn2rdamedia avolumenbnc0rdacarrier aInventariado 2025/MFF 7aArtezRepública Dominicana2LEMB981690 7aCulturazRepública Dominicana91983 7aCentros culturaleszRepública Dominicana981691 aValidado. Control de calidad MFF 2ddccLBS1 00102ddc51708PDaBNPHUbBNPHUcHDd2011-05-04eDonaciónl0oBNPHU PD 306.097293 C397a 2004p30210-10r2020-06-25w2020-06-25yLBS1ZNo se presta c29702d29702